000
00316nam a22001337a 4500
008
230418b ||||| |||| 00| 0 eng d
041
_a
SHQIP
080
_2
BOTIMI I PARE
_a
004
082
_a
004SKE
100
_a
18
101
_a
SHKI
245
_a
INFORMATIKA 2 MS EXCEL 97 MS WORD 97
_c
SKENDER.S
942
_2
udc
_c
BK
999
_c
59570
_d
59570